000 01100nam a2200349Ia 4500
008 170203s9999 xx 000 0 und d
020 _a1562823272
050 _aFic
050 _bM571p
100 _aMerrill, Linda.
245 4 _aThe princess and the peacocks or, The story of the Room /
245 _cwritten by Linda Merrill and Sarah Ridley ; illustrated by Tennessee Dixon.
250 _a1st edition.
260 _aNew York :
260 _bHyperion Books for Children,
260 _c©1993.
300 _a1 volume :
300 _bcolor illustrations ;
300 _c23 x 27 cm
500 _a"Published in association with Freer Gallery of Art, Smithsonian Institution."
650 _aPeacock room--
650 _aPeacock room--
650 _aWhistler, James McNiell, 1843-1903--
650 _aWhistler, James McNiell, 1843-1903--
650 _xFiction.
650 _xFiction.
650 _xJuvenile fiction.
650 _xJuvenile fiction.
700 _aDixon, Tennessee, illustration.
700 _aRidley, Sarah.
700 _aStory of the room, title.
999 _c306615
_d306615